| Tag |
First Indicator |
Second Indicator |
Subfields |
| LEADER |
00000crm a2200000 i 4500 |
| 001 |
in00005651513 |
| 008 |
250728s1750 gw rnlat d |
| 005 |
20250728220655.8 |
| 035 |
|
|
|a (OCoLC)on1529552185
|
| 040 |
|
|
|a TXA
|b eng
|e rda
|c TXA
|d TXA
|
| 035 |
|
|
|a (OCoLC)1529552185
|
| 043 |
|
|
|a e-gx---
|
| 050 |
|
4 |
|a NE2815
|b .I57 1750
|
| 242 |
0 |
0 |
|a Insignia of justice
|y eng
|
| 245 |
0 |
0 |
|a Insignium Iustitiæ :
|b Johann Philipp Christian Schott, Not. Cæs. Pub.
|
| 246 |
3 |
|
|a Insignium Justitae :
|b Johann Philipp Christian Schott, Notarius Caesareus Publicus
|
| 264 |
|
0 |
|a [Germany?] :
|b [producer not identified],
|c [1750?]
|
| 300 |
|
|
|a 1 printing plate :
|b copper ;
|c 55 x 43 cm
|
| 336 |
|
|
|a three-dimensional form
|b tdf
|2 rdacontent
|
| 337 |
|
|
|a unmediated
|b n
|2 rdamedia
|
| 338 |
|
|
|a object
|b nr
|2 rdacarrier
|
| 340 |
|
|
|a metal
|2 rdamat
|
| 500 |
|
|
|a Title reads in reverse.
|
| 520 |
|
|
|a Copper printing plate engraved for a mid-eighteenth century German imperial public notary named Johann Philipp Christian Schott, likely his bookplate. The design features the scales of justice balancing on a sword entwined with foliage. The scales representing impartiality while the sword is representative of power and the foliage peace and prosperity.
|
| 650 |
|
0 |
|a Copperplates
|z Germany
|v Specimens
|v Early works to 1800.
|
| 650 |
|
0 |
|a Engraving
|x Printing
|z Germany
|x Equipment and supplies
|v Specimens
|v Early works to 1800.
|
| 650 |
|
0 |
|a Balances (Weighing instruments) in bookplates
|v Early works to 1800.
|
| 650 |
|
0 |
|a Notaries
|z Germany
|v Early works to 1800.
|
| 994 |
|
|
|a Z0
|b TXA
|
| 948 |
|
|
|h HELD BY TXA - 0 OTHER HOLDINGS
|
| 999 |
f |
f |
|i 34e3fc3b-25f7-41a8-9434-c720dcfe94d3
|s bcb8778f-8d59-4c64-aafe-38babcacbaa1
|t 0
|
| 952 |
f |
f |
|p noncirc
|a Texas A&M University
|b College Station
|c Cushing Memorial Library & Archives
|d Cushing: Laughlin (Does not check out)
|t 0
|e NE2815 .I57 1750
|h Library of Congress classification
|i unmediated -- object
|m A14853226468
|
| 998 |
f |
f |
|a NE2815 .I57 1750
|t 0
|l Cushing: Laughlin (Does not check out)
|